LIBRARY & INFORMATION CENTRE, KCAET, TAVANUR

ONLINE PUBLIC ACCESS CATALOGUE (OPAC)

Normal view MARC view
  • OBILY B.W

Entry Personal Name

Number of records used in: 1

001 - CONTROL NUMBER

  • control field: 3541

003 - CONTROL NUMBER IDENTIFIER

  • control field: OSt

005 - DATE AND TIME OF LATEST TRANSACTION

  • control field: 20181003144936.0

008 - FIXED-LENGTH DATA ELEMENTS

  • fixed length control field: 181003|| aca||aabn | a|a d

040 ## - CATALOGING SOURCE

  • Original cataloging agency: OSt
  • Transcribing agency: OSt

100 ## - HEADING--PERSONAL NAME

  • Personal name: OBILY B.W

670 ## - SOURCE DATA FOUND

  • Source citation: Work cat.: (OSt)14943: OBILY B.W SABARINATH R SHIMNA K.T, Studies on a stand alone micro wind turbine
free website counter